| 000 | 01275cam a2200337 i 4500 | ||
|---|---|---|---|
| 001 | 18025597 | ||
| 003 | OSt | ||
| 005 | 20240220125045.0 | ||
| 008 | 140131s2013 gw a 000 0 eng | ||
| 010 | _a 2013388128 | ||
| 020 | _a9783791346939 | ||
| 040 |
_aDLC _beng _erda _cDLC _dDLC |
||
| 042 | _apcc | ||
| 043 | _an-us-ma | ||
| 050 | 0 | 0 |
_aN520 _b.F67 2013 |
| 082 |
_a727.70974461 _bFOS _2FOS |
||
| 100 | 1 |
_aFoster, Norman, _d1935- _eauthor. _932444 |
|
| 245 | 1 | 0 |
_aMuseum of Fine Arts, Boston : _bFoster + Partners / _cNorman Foster, Edward R. Bosley. |
| 260 |
_aLondon; _bPrestel Publishing; _c2013. |
||
| 300 |
_a96 pages : _billustrations (chiefly color) ; _c22 cm |
||
| 610 | 2 | 0 |
_aMuseum of Fine Arts, Boston. _9120802 |
| 610 | 2 | 0 |
_aSir Norman Foster and Partners. _9120380 |
| 650 | 0 |
_aArt museum architecture _zMassachusetts _zBoston. _9120803 |
|
| 651 | 0 |
_aBoston (Mass.) _xBuildings, structures, etc. _9120804 |
|
| 700 | 1 |
_aBosley, Edward R., _eauthor. _9120451 |
|
| 700 | 1 |
_aJenkins, David, _d1957 September 25- _eeditor. _9120805 |
|
| 906 |
_a7 _bcbc _corignew _d2 _encip _f20 _gy-gencatlg |
||
| 942 |
_2ddc _cBK _aSADA _k727.70974461 FOS 2013 |
||
| 999 |
_c607889 _d607889 |
||